000 00683cam a22001937i 4500
005 20251108172806.0
008 250721s2004 jo a gr 000 0 ara d
082 1 4 _a004.22
_bس ل ا
100 1 _aسلامة، حسين
_eمؤلف
245 1 0 _aتصميم الأنظمة المحوسبة و مدخل إلى هندسة البرامج /
_cاعداد و تنسيق د.حسين سلامة
250 _aالطبعة الأولى.
264 1 _aعمان :
_bالمجتمع العربي،
_c2004.
300 _a364 صفحة.
650 1 7 _aالحواسيب
650 1 7 _aبرامج الحواسيب
650 1 7 _aتصميم الحواسيب
942 _2ddc
_cBK
999 _c88592
_d88592